COMPUTER SYSTEM ARCHITECTURE (Record no. 8824)
[ view plain ]
| 000 -LEADER | |
|---|---|
| fixed length control field | 00732nam a22001697a 4500 |
| 003 - CONTROL NUMBER IDENTIFIER | |
| control field | SGT |
| 020 ## - INTERNATIONAL STANDARD BOOK NUMBER | |
| International Standard Book Number | 9788131700709 |
| 082 ## - DEWEY DECIMAL CLASSIFICATION NUMBER | |
| Classification number | 621.381.1952,MAN |
| 100 ## - MAIN ENTRY--PERSONAL NAME | |
| Personal name | M.MORRIS MANO |
| 245 ## - TITLE STATEMENT | |
| Title | COMPUTER SYSTEM ARCHITECTURE |
| 250 ## - EDITION STATEMENT | |
| Edition statement | 3RD |
| 260 ## - PUBLICATION, DISTRIBUTION, ETC. (IMPRINT) | |
| Place of publication, distribution, etc | PEARSON PUBLICATION NEW DELHI |
| Name of publisher, distributor, etc | IBH |
| Year of Publication | 2013 |
| 300 ## - PAGE DESCRIPTION | |
| No. of Pages | 520 |
| 650 ## - SUBJECT ADDED ENTRY--TOPICAL TERM | |
| Topical term or geographic name as entry element | COMPUTER SCIENCE |
| 653 ## - KEYWORDS--INDEX TERM | |
| Keyword term | DIGITAL LOGIC CIRCUITS, DIGITAL COMPONENTS, DATA REPRESENTATION, REGISTER TRANSFER AND MICROOPERATIONS, BASIC COMPUTER ORGANIZATION AND DESIGN, PROGRAMMING THE BASIC COMPUTER, MICROPROGRAMMED CONTROL, CENTRAL PROGRESSING UNIT (CPU), PIPELINE AND VECTOR PROCESSING, COMPUTER ARITHMETIC, INPUT-OUTPUT ORGANIZATION, MEMORY ORGANIZATION, MULTIPROCESSORS |
| 942 ## - ADDED ENTRY ELEMENTS (KOHA) | |
| Source of classification or shelving scheme | Dewey Decimal Classification |
| Koha item type | FCM Books |
| Withdrawn status | Lost status | Source of classification or shelving scheme | Damaged status | Not for loan | Home library | Current library | Shelving location | Date acquired | Vendor Name | Cost, normal purchase price | SGTU | Bill Number | Total Checkouts | Full call number | Accession No. (Barcode) | Date last seen | Date last borrowed | Bill Date | Koha item type |
|---|---|---|---|---|---|---|---|---|---|---|---|---|---|---|---|---|---|---|---|
| Dewey Decimal Classification | SGT Science & Social Sciences Library | SGT Science & Social Sciences Library | Text Book | 30/05/2016 | IBH | 520.00 | SGTU | 8777 | 2 | 621.381.1952,MAN | CM20 | 23/10/2019 | 27/09/2019 | FCM Books | |||||
| Dewey Decimal Classification | SGT Science & Social Sciences Library | SGT Science & Social Sciences Library | Text Book | 30/05/2016 | IBH | 520.00 | SGTU | 8777 | 621.381.1952,MAN | CM21 | 30/05/2016 | FCM Books |